000 00709nam a2200241Ia 4500
003 OSt
005 20220923224547.0
006 a|||||r|||| 00| 0
007 ta
008 tam
024 _a242,281
037 _cTextual
040 _aARTS
_cARTS
_btam
041 _2tam
_atam
082 _aO31,3N35,1, 152N8
100 _aभारती, के. चिन्नप्प
_9168102
245 0 _aदलित - संघ
246 _aDalit - sangha
260 _aदिल्ली
_b रविम प्रकाशन
_c1998
300 _a224पृ0
_ccm.
942 _hO31,3N35,1, 152N8
_cTEXL
_2CC
999 _c372229
_d372229